Ensayos toxicológicos y métodos de evaluación de calidad de aguas: estandarización, intercalibración, resultados y aplicaciones

I tiakina i:
Ngā taipitopito rārangi puna kōrero
Kaituhi matua: Castillo Morales, Gabriela (Author)
Hōputu: Pukapuka
Reo:Pāniora
I whakaputaina: Ottawa IDRC 2004
Putanga:1a. ed
Ngā marau:
Ngā Tūtohu: Tāpirihia he Tūtohu
Kāore He Tūtohu, Me noho koe te mea tuatahi ki te tūtohu i tēnei pūkete!

MARC

LEADER 00000nam a2200000 a 4500
001 UCK2436
003 CL-VaPUC
008 050113e20040000CN |||||||||||||||||spa|d
020 |a 9685536333 
082 0 4 |a 615.907  |b CAS  |2 21 
100 0 |a Castillo Morales, Gabriela  |e author  |9 490255 
245 1 0 |a Ensayos toxicológicos y métodos de evaluación de calidad de aguas: estandarización, intercalibración, resultados y aplicaciones 
250 |a 1a. ed 
300 |a 188 p 
942 |c BK 
945 |d 20050113 00:00:00  |a vberengu 
260 |a Ottawa  |b IDRC  |c 2004 
500 |a En 1996, el Centro Internacional de Investigaciones para el Desarrollo de Canadá convocó a una reunión internacional de expertos con el objetivo de examinar ensayos de toxicidad simples, de bajo costo, factibles de conformar una batería de bioensayos sustentable para la evaluación de toxicidad de aguas de consumo humano 
650 7 |a TOXICOLOGIA  |2 CL-VaPUC  |9 306970 
583 |a last modification  |c 20050113 00:00:00  |k Rodrigo Vera 
999 |c 311952  |d 311950 
952 |0 0  |1 0  |4 0  |6 615_907000000000000_CAS_2004  |7 0  |8 A  |9 381703  |a BIBING  |b BIBING  |d 2019-11-21  |i 4093275  |o 615.907 CAS 2004  |p 4093275  |r 2025-01-20  |w 2019-11-21  |y BK  |k EIB